| 000 | 00733nam a2200229Ia 4500 | ||
|---|---|---|---|
| 003 | OSt | ||
| 005 | 20260122164419.0 | ||
| 008 | 220923b |||||||| |||| 00| 0 eng d | ||
| 020 | _a0754618641 | ||
| 037 | _cGeneral Book | ||
| 040 |
_aRTL _cRTL _beng |
||
| 041 |
_2eng _aeng |
||
| 084 |
_aY:434.44Q71.P, P3 _qRTL |
||
| 100 |
_aPryer Jane A. _9231202 |
||
| 245 | 0 |
_aPoverty and vulnerability in Dhaka slums: the urban livelihoods study _b |
|
| 260 |
_aAldershot _bAshgate _c2003 |
||
| 300 |
_axv, 203 p. _bIncludes bibliographical references and index. |
||
| 440 | _v | ||
| 500 | _aBibliography chapterwise and: P 187-96 | ||
| 942 |
_hY:434.44Q71.P, P3 _cGB _2CC _n0 |
||
| 999 |
_c475780 _d475780 |
||